[Event "#4"]
[Site "http://www.queenalice.com/game.php?id=1537848"]
[Date "2018.8.6"]
[Round "-"]
[White "verdello"]
[Black "Il_Grande_Baluba"]
[Result "0-1"]
[WhiteElo "1456"]
[BlackElo "1100"]

1. g3 Nf6 2. Bg2 e5 3. e3 e4 4. Ne2 d5 5. d3 Bg4 6. b3 Nbd7 7. Bb2 c6 8. c4 Bb4+
9. Nbc3 Ne5 10. O-O Nxd3 11. Na4 Nxb2 12. Nxb2 Bc3 13. Qc2 Bxe2 14. Qxe2 Qa5 15.
a3 O-O 16. b4 Qc7 17. Rad1 Bxb2 18. Qxb2 dxc4 19. Qd4 b5 20. Bxe4 Rfd8 21. Qb2
Nxe4 22. Rd4 Re8 23. Qb1 Qe7 24. Qa1 Qf6 25. Qb1 Ng5 26. f4 Rxe3 27. Qd1 Nf3+
28. Rxf3 Rxf3 29. Re4 Rxa3 30. Qe1 Ra1 31. Re8+ Rxe8 0-1

[Event "#5"]
[Site "http://www.queenalice.com/game.php?id=1542622"]
[Date "2018.9.17"]
[Round "-"]
[White "Il_Grande_Baluba"]
[Black "verdello"]
[Result "1-0"]
[WhiteElo "1742"]
[BlackElo "1365"]

1. e4 g6 2. Nf3 Bg7 3. d4 e6 4. Nc3 Ne7 5. Bg5 O-O 6. Bc4 b6 7. O-O Bb7 8. Re1
d6 9. Qd2 Qd7 10. Rad1 Nbc6 11. a3 Na5 12. Bb5 c6 13. Bd3 c5 14. Bb5 Bc6 15.
Bxc6 Naxc6 16. Bh6 Na5 17. Bxg7 Kxg7 18. b3 Nec6 19. d5 exd5 20. Nxd5 c4 21.
Qc3+ f6 22. b4 Nb7 23. Qxc4 Ne5 24. Nxe5 dxe5 25. Nxb6 Nd6 26. Nxa8 Nxc4 27.
Rxd7+ Rf7 28. Rxf7+ Kxf7 29. a4 g5 30. Nc7 Kg6 31. Nd5 h5 32. h3 h4 33. a5 a6
34. Nb6 Kh5 35. Nxc4 1-0

[Event "Challenge"]
[Site "http://www.queenalice.com/game.php?id=1542798"]
[Date "2018.9.18"]
[Round "-"]
[White "Bigchess"]
[Black "Il_Grande_Baluba"]
[Result "0-1"]
[WhiteElo "1870"]
[BlackElo "1478"]

1. e4 c5 2. Nf3 Nc6 3. d3 d6 4. Be2 g6 5. Nc3 Bg7 6. O-O Bg4 7. Be3 Nf6 8. a3
Nd7 9. Rb1 O-O 10. Nd5 e6 11. Nc3 Nb6 12. h3 Bxf3 13. Bxf3 Qc7 14. Qc1 Ne5 15.
Be2 a6 16. Bh6 d5 17. Bxg7 Kxg7 18. exd5 Nxd5 19. Nxd5 exd5 20. Qf4 Qe7 21. Bf3
Nxf3+ 22. Qxf3 Qg5 23. Qe3 Qxe3 24. fxe3 Rfe8 25. Rf3 b5 26. Rbf1 f5 27. g3 c4
28. d4 c3 29. b4 a5 30. Rb1 axb4 31. Rxb4 Rxa3 32. Rxb5 Ra2 33. Rxd5 Rxc2 34.
Rc5 Rc1+ 35. Kf2 Ra8 36. Ke2 Ra2+ 37. Kd3 Rd2+ 38. Kc4 c2 39. Kd5 Ra1 0-1

[Event "Challenge"]
[Site "http://www.queenalice.com/game.php?id=1543950"]
[Date "2018.9.28"]
[Round "-"]
[White "Il_Grande_Baluba"]
[Black "Bigchess"]
[Result "0-1"]
[WhiteElo "1748"]
[BlackElo "1768"]

1. e4 e5 2. Bc4 Nc6 3. a3 Nf6 4. Nc3 Be7 5. d3 d6 6. h3 a6 7. Nge2 Nd4 8. Nxd4
exd4 9. Ne2 c5 10. Nf4 b5 11. Ba2 Bb7 12. Bd2 O-O 13. O-O Nd7 14. Qg4 Ne5 15.
Qh5 Kh8 16. g3 g6 17. Qh6 Nf3+ 18. Kg2 Nxd2 19. Bxf7 Rxf7 20. Nxg6+ Kg8 21.
Nxe7+ Qxe7 22. Qxd2 Rg7 23. f4 Rf8 24. f5 Qh4 25. Rf3 Rxf5 26. Rxf5 Qxg3+ 27.
Kh1 Qxh3+ 28. Qh2 Qxf5 29. Rg1 Qf3+ 30. Rg2 Rxg2 31. Qxg2+ Qxg2+ 32. Kxg2 Kg7
0-1

[Event "#6"]
[Site "http://www.queenalice.com/game.php?id=1544362"]
[Date "2018.10.1"]
[Round "-"]
[White "verdello"]
[Black "Il_Grande_Baluba"]
[Result "0-1"]
[WhiteElo "1377"]
[BlackElo "1672"]

1. g3 Nf6 2. Bg2 e5 3. b3 d5 4. Bb2 Nc6 5. e3 Bg4 6. Nf3 Bc5 7. d3 O-O 8. Qd2
Qd7 9. O-O Bh3 10. d4 e4 11. Ne5 Nxe5 12. dxe5 Bxg2 13. Kxg2 Ne8 14. c4 c6 15.
Qd1 f5 16. Nc3 Nc7 17. Na4 Ne6 18. cxd5 cxd5 19. a3 b6 20. Nxc5 bxc5 21. f4 Rab8
22. h4 d4 23. Rc1 d3 24. Rh1 a5 25. Bc3 Qb5 26. Rb1 c4 27. bxc4 Qxc4 28. Bxa5
Qa2+ 29. Kh3 Qxa3 30. Bd2 Nc5 31. Ra1 Qb2 32. Ba5 Nb3 33. Rb1 Qc2 34. Be1 Rfd8
35. Bf2 Qxf2 36. Rxb3 d2 37. Rh2 Qe1 38. Rxd2 Qxd1 39. Rxd1 Rxb3 40. Rxd8+ Kf7
41. Rd6 Rxe3 42. e6+ Ke7 43. Rd7+ Kxe6 44. Rxg7 h5 45. Rg5 Re1 46. Rxh5 e3 47.
Rh8 e2 48. Re8+ Kf6 49. h5 Rh1+ 50. Kg2 e1=Q 51. Rxe1 Rxe1 52. h6 Kg6 53. Kf2
Re8 54. Kf3 Kh5 55. h7 Rh8 0-1

[Event "Challenge"]
[Site "http://www.queenalice.com/game.php?id=1547775"]
[Date "2018.10.31"]
[Round "-"]
[White "verdello"]
[Black "Il_Grande_Baluba"]
[Result "1-0"]
[WhiteElo "1392"]
[BlackElo "1689"]

1. g3 Nf6 2. Bg2 e5 3. d4 e4 4. e3 d5 5. Nh3 Be7 6. O-O O-O 7. b3 Bg4 8. Qd2 Qd7
9. Nf4 c5 10. Bb2 Nc6 11. dxc5 Bxc5 12. Bxf6 gxf6 13. c4 dxc4 14. bxc4 Bd6 15.
Bxe4 Ne5 16. f3 f5 17. fxg4 fxe4 18. Nc3 Nf3+ 19. Rxf3 exf3 20. Ne4 Qe7 21. Nxd6
Rad8 22. c5 b6 23. Qb2 Qxe3+ 24. Kf1 bxc5 25. Nf5 Rd2 26. Qg7# 1-0

[Event "Challenge"]
[Site "http://www.queenalice.com/game.php?id=1549512"]
[Date "2018.11.16"]
[Round "-"]
[White "Il_Grande_Baluba"]
[Black "verdello"]
[Result "0-1"]
[WhiteElo "1590"]
[BlackElo "1425"]

1. e4 d5 2. exd5 Qxd5 3. Nc3 Qe5+ 4. Be2 b6 5. Nf3 Qc5 6. d3 Bb7 7. Be3 Qd6 8.
O-O Nd7 9. Qd2 O-O-O 10. Nb5 Qg6 11. Nxa7+ Kb8 12. Nb5 Ne5 13. Nxe5 Qxg2# 0-1

[Event "#9"]
[Site "http://www.queenalice.com/game.php?id=1550290"]
[Date "2018.11.22"]
[Round "-"]
[White "verdello"]
[Black "Il_Grande_Baluba"]
[Result "0-1"]
[WhiteElo "1450"]
[BlackElo "1519"]

1. g3 e5 2. d4 e4 3. e3 d5 4. Bg2 Nf6 5. Ne2 Bg4 6. O-O Bb4 7. c3 Ba5 8. b4 Bb6
9. Ba3 Nbd7 10. Qc2 O-O 11. Nf4 c6 12. c4 Bc7 13. b5 Re8 14. cxd5 cxd5 15. Nc3
Nb6 16. Na4 Nc4 17. Bb4 Qd7 18. Nc3 a5 19. b6 axb4 20. bxc7 bxc3 21. Qxc3 Rec8
22. h3 Be6 23. Nxe6 Qxe6 24. h4 Rxc7 25. Rfb1 Qe7 26. Rb5 Nd6 27. Ra5 Rxc3 28.
Rxa8+ Nde8 29. a4 g6 30. Ra5 Qc7 31. Rb5 Nd6 32. Rbb1 Rc2 33. a5 Qc3 34. Rf1 Ng4
35. Rab1 Qd2 0-1

[Event "#10"]
[Site "http://www.queenalice.com/game.php?id=1551823"]
[Date "2018.12.4"]
[Round "-"]
[White "Il_Grande_Baluba"]
[Black "verdello"]
[Result "1-0"]
[WhiteElo "1556"]
[BlackElo "1436"]

1. c4 g6 2. d3 Bg7 3. Nc3 d6 4. g3 Qd7 5. Bg2 Nc6 6. Nf3 b6 7. Qb3 Bb7 8. O-O
Nd4 9. Nxd4 Bxg2 10. Kxg2 Bxd4 11. Ne4 Nf6 12. Nxf6+ exf6 13. e3 Qc6+ 14. Kg1
Qd7 15. exd4 Qh3 16. Bf4 h5 17. Rfe1+ Kf8 18. Qb5 Kg7 19. Qc6 h4 20. Qxc7 g5 21.
Bxd6 hxg3 22. Bxg3 f5 23. f4 gxf4 24. Qxf4 Kg6 25. Re2 a5 26. Qd6+ f6 27. Qxb6
f4 28. Bxf4 Qxd3 29. Rg2+ Kf5 30. Rf1 Qxc4 31. Be5+ Ke4 32. Qb7+ Kd3 33. Qf3#
1-0

[Event "#11"]
[Site "http://www.queenalice.com/game.php?id=1553596"]
[Date "2018.12.21"]
[Round "-"]
[White "verdello"]
[Black "Il_Grande_Baluba"]
[Result "1-0"]
[WhiteElo "1420"]
[BlackElo "1584"]

1. b3 b6 2. Bb2 Bb7 3. d3 d6 4. Nd2 e5 5. e4 Nf6 6. Qf3 Be7 7. d4 exd4 8. Bxd4
O-O 9. O-O-O Nc6 10. Bb2 Rb8 11. Qh3 Nb4 12. Kb1 Bxe4 13. Bxf6 Bxc2+ 14. Kc1
Bxf6 15. Re1 Re8 16. Ngf3 Rxe1+ 17. Nxe1 Qe8 18. Nxc2 Nxc2 19. Kxc2 Qc6+ 20. Kb1
Qc5 21. Ne4 Qd4 22. Nxf6+ Qxf6 23. Bd3 g6 24. Rf1 Qd4 25. Bc4 b5 26. Be2 Qe4+
27. Bd3 Qe6 28. Qxe6 fxe6 29. f4 c5 30. Re1 c4 31. Bf1 c3 32. Rxe6 Rb6 33. Bd3
b4 34. Re3 d5 35. Rg3 Kg7 36. Re3 Kf6 37. g4 Re6 38. Rxe6+ Kxe6 39. f5+ Kf6 40.
fxg6 hxg6 41. h4 a5 42. a4 d4 43. g5+ Kg7 44. Kc1 Kf7 45. Kd1 Kg7 46. Ke2 1-0

[Event "#12"]
[Site "http://www.queenalice.com/game.php?id=1558941"]
[Date "2019.1.31"]
[Round "-"]
[White "Il_Grande_Baluba"]
[Black "verdello"]
[Result "1-0"]
[WhiteElo "1533"]
[BlackElo "1445"]

1. c4 d5 2. cxd5 Qxd5 3. Nc3 Qf5 4. e4 Qf6 5. d4 Nh6 6. Nd5 Qc6 7. Bf4 Na6 8.
Bxa6 bxa6 9. Nxc7+ Kd8 10. f3 Rb8 11. Ne6+ Qxe6 12. Bxb8 Qb6 13. Bf4 Qxb2 14.
Ne2 Qb4+ 15. Bd2 Qb6 16. O-O g6 17. Qe1 Bg7 18. Ba5 Ke8 19. Bxb6 axb6 20. Rc1
Bd7 21. Qg3 e6 22. Qd6 f5 23. Nf4 b5 24. Nxe6 Nf7 25. Nxg7+ Kd8 26. Qf6# 1-0

[Event "Challenge"]
[Site "http://www.queenalice.com/game.php?id=1560579"]
[Date "2019.2.11"]
[Round "-"]
[White "Il_Grande_Baluba"]
[Black "K_I_D"]
[Result "0-1"]
[WhiteElo "1559"]
[BlackElo "2012"]

1. e4 e5 2. Bc4 Nf6 3. d3 c6 4. Nf3 d5 5. exd5 cxd5 6. Bb5+ Bd7 7. Bxd7+ Nbxd7
8. Nc3 Be7 9. Bg5 d4 10. Bxf6 Nxf6 11. Ne2 O-O 12. O-O Qa5 13. a3 Bd6 14. h3 Nd5
15. b4 Qb5 16. c4 dxc3 17. d4 e4 18. Ne1 Qc4 19. Qc2 b5 20. Ng3 Bxg3 21. fxg3
Ne3 0-1

[Event "#13"]
[Site "http://www.queenalice.com/game.php?id=1561045"]
[Date "2019.2.14"]
[Round "-"]
[White "verdello"]
[Black "Il_Grande_Baluba"]
[Result "0-1"]
[WhiteElo "1447"]
[BlackElo "1559"]

1. g3 e5 2. d4 e4 3. e3 Nf6 4. Bg2 d5 5. Ne2 Bd7 6. O-O Bb5 7. Nbc3 Ba6 8. b3
Nc6 9. Bb2 Bd6 10. Re1 Ne7 11. Nf4 Bxf4 12. exf4 c6 13. Na4 b6 14. Qc1 O-O 15.
c4 Qd7 16. c5 Rab8 17. cxb6 axb6 18. Nc3 Nf5 19. Bh3 g6 20. Ba3 Rfe8 21. Bxf5
Qxf5 22. Ne2 Bd3 23. Qxc6 Ng4 24. h4 e3 25. fxe3 Nxe3 26. Kf2 Qh3 27. Rg1 Qh2+
28. Ke1 Qxe2# 0-1

[Event "#14"]
[Site "http://www.queenalice.com/game.php?id=1562814"]
[Date "2019.3.1"]
[Round "-"]
[White "Il_Grande_Baluba"]
[Black "verdello"]
[Result "1-0"]
[WhiteElo "1579"]
[BlackElo "1459"]

1. e4 d5 2. e5 e6 3. d4 g6 4. Nf3 Ne7 5. Bg5 Bg7 6. Be2 c6 7. Nbd2 O-O 8. Nb3 b5
9. O-O Nd7 10. Qd2 Nb6 11. Qb4 Re8 12. Nc5 Nc4 13. Bxc4 bxc4 14. h3 a5 15. Qa4
Qb6 16. Rab1 Nf5 17. c3 h5 18. b3 cxb3 19. Rxb3 Qa7 20. Rfb1 Ba6 21. Rb7 Bxb7
22. Rxb7 Qb8 23. Rxb8 Raxb8 24. Nd7 Rb1+ 25. Kh2 Rc8 26. Qxa5 Rb2 27. Qa6 Re8
28. Qxc6 Kh8 29. Nf6 Reb8 30. Qc7 Rf8 31. a4 Rxf2 32. a5 Rb2 33. a6 Rbb8 34. a7
Ra8 35. Nd7 Rfc8 36. Qb7 Bh6 37. Nb6 Rxc3 38. Qxa8+ Kh7 39. Bxh6 Kxh6 40. Qh8#
1-0

[Event "#15"]
[Site "http://www.queenalice.com/game.php?id=1564524"]
[Date "2019.3.16"]
[Round "-"]
[White "verdello"]
[Black "Il_Grande_Baluba"]
[Result "0-1"]
[WhiteElo "1490"]
[BlackElo "1598"]

1. b3 d5 2. Bb2 c5 3. d4 Nc6 4. dxc5 e5 5. Ba3 Nf6 6. Nc3 Qa5 7. Bb2 Bxc5 8. e3
O-O 9. Qd2 Bf5 10. O-O-O Rad8 11. Nge2 d4 12. exd4 exd4 13. Na4 Qxd2+ 14. Rxd2
Bb4 15. Rd1 Ne4 16. Rg1 Nxf2 17. Rxd4 Nxd4 18. Nxd4 Rfe8 19. Bb5 Bd7 20. Bc3
Bxb5 21. Nxb5 Bxc3 22. Naxc3 a6 23. Nc7 Re7 24. Rf1 Rxc7 25. Kb2 Ng4 26. h3 Ne3
27. Rg1 h5 28. g4 hxg4 29. hxg4 Rd2 30. Rc1 Nxg4 31. a4 Ne5 32. Ka3 Rxc3 0-1

[Event "#16"]
[Site "http://www.queenalice.com/game.php?id=1565745"]
[Date "2019.3.27"]
[Round "-"]
[White "Il_Grande_Baluba"]
[Black "verdello"]
[Result "0-1"]
[WhiteElo "1616"]
[BlackElo "1488"]

1. e4 d5 2. e5 e6 3. d4 g6 4. Nf3 Bh6 5. Bxh6 Nxh6 6. Qd2 Nf5 7. Bd3 O-O 8. Bxf5
exf5 9. Qh6 f6 10. O-O Nd7 11. Re1 Re8 12. e6 Nf8 13. e7 Rxe7 14. Rxe7 Qxe7 15.
Nc3 Be6 16. Re1 b6 17. h3 c5 18. Nxd5 Qf7 19. Nf4 Bxa2 20. b3 c4 21. bxc4 Bxc4
22. c3 a5 23. Nd2 Bb5 24. Rb1 Qd7 25. d5 a4 26. c4 Ba6 27. Ne2 Qc7 28. Qh4 Qd6
29. Qd4 Qe7 30. Nc3 a3 31. Na2 Nd7 32. Nb4 Bb7 33. Nb3 a2 34. Nxa2 Rxa2 35. Rb2
Rxb2 36. Qxb2 Ba6 37. Qd4 Qe1+ 38. Kh2 Qe5+ 39. Qxe5 fxe5 40. Nd2 e4 41. g3 Ne5
42. d6 Kf8 0-1

[Event "Challenge"]
[Site "http://www.queenalice.com/game.php?id=1566003"]
[Date "2019.3.30"]
[Round "-"]
[White "Nuzzera"]
[Black "Il_Grande_Baluba"]
[Result "0-1"]
[WhiteElo "1614"]
[BlackElo "1585"]

1. d3 d5 2. e4 dxe4 3. d4 e5 4. dxe5 Qxd1+ 5. Kxd1 Nc6 6. Bb5 Bd7 7. Bf4 Bc5 8.
Nc3 Rd8 9. Ke2 Nd4+ 10. Kd1 Nxb5 11. Nxb5 Bxb5+ 12. Kc1 Bxf2 13. Nh3 Bb6 14. a4
Be2 15. Re1 Bc4 16. Rxe4 Bd5 17. Re2 Ne7 18. a5 Bc5 19. Bg5 a6 20. Nf4 h6 21.
Bxe7 Bxe7 22. Nh5 O-O 23. Nf4 Rfe8 24. g3 Bf3 25. Re3 Rd1# 0-1

[Event "#17"]
[Site "http://www.queenalice.com/game.php?id=1568339"]
[Date "2019.4.20"]
[Round "-"]
[White "verdello"]
[Black "Il_Grande_Baluba"]
[Result "0-1"]
[WhiteElo "1520"]
[BlackElo "1609"]

1. g3 Nf6 2. Nh3 d5 3. Bg2 e5 4. d4 e4 5. e3 c5 6. Nc3 Nc6 7. Ne2 Be7 8. c3 Bd7
9. a3 a5 10. Bd2 a4 11. b4 axb3 12. Qxb3 b6 13. c4 Be6 14. cxd5 Bxd5 15. Qb5 O-O
16. Nhf4 cxd4 17. exd4 Rb8 18. Nc3 Nxd4 19. Qb2 Nb3 20. Rb1 Nxd2 21. Qxd2 e3 22.
Qxe3 Bxg2 23. Nxg2 Bc5 24. Qc1 Re8+ 25. Ne3 Qd3 26. Nd1 Ng4 27. Qc3 Qxc3+ 28.
Nxc3 Nxe3 29. fxe3 Rxe3+ 30. Kd2 Rd8+ 31. Kc2 Rdd3 32. Na4 Kf8 33. Nxc5 bxc5 34.
a4 Ra3 35. Ra1 Re2+ 36. Kb1 Rxa1+ 37. Kxa1 Re4 38. Kb2 Rxa4 39. Rc1 c4 40. Kc3
h5 41. Kd4 Ke7 42. Rxc4 Rxc4+ 43. Kxc4 Ke6 44. Kd4 Kf5 45. Ke3 Kg4 46. Kf2 Kh3
47. Kg1 g5 48. Kh1 f5 49. Kg1 g4 50. Kh1 h4 51. gxh4 Kxh4 52. Kg2 f4 53. Kf2 f3
54. Kf1 Kh3 55. Kg1 g3 56. hxg3 Kxg3 57. Kf1 f2 58. Ke2 Kg2 59. Ke3 f1=Q 60. Ke4
Qf3+ 61. Kd4 Kf2 62. Ke5 Ke3 63. Kd6 Qe4 64. Kc5 Qd4+ 65. Kc6 Ke4 66. Kc7 Ke5
67. Kc6 Qd5+ 68. Kb6 Kd6 69. Ka6 Kc7 70. Ka7 Qb7# 0-1

[Event "#18"]
[Site "http://www.queenalice.com/game.php?id=1570451"]
[Date "2019.5.10"]
[Round "-"]
[White "Il_Grande_Baluba"]
[Black "verdello"]
[Result "0-1"]
[WhiteElo "1625"]
[BlackElo "1520"]

1. Nf3 d5 2. g3 Nf6 3. Bg2 e6 4. d3 Bc5 5. Bg5 c6 6. Nbd2 Qb6 7. O-O Ng4 8. e3
Nd7 9. Nb3 O-O 10. d4 Bd6 11. Bf4 Bxf4 12. exf4 Ndf6 13. Ne5 Nxe5 14. fxe5 Nd7
15. c3 a5 16. Qc2 c5 17. f4 a4 18. Nd2 cxd4 19. cxd4 Qxd4+ 20. Kh1 b5 21. Rad1
Ba6 22. Ne4 Qb6 23. Nd6 Nc5 24. Rfe1 b4 25. a3 bxa3 26. bxa3 f5 27. Bf1 Bxf1 28.
Rxf1 Nb7 29. Nxb7 Qxb7 30. Rd4 Qb5 31. Rb1 Qd7 32. Rbb4 Rfc8 33. Qd1 Rc3 34.
Rxa4 Rxa3 35. Rxa8+ Rxa8 36. Kg2 Qe8 37. Qb3 Qh5 38. Ra4 Rf8 39. Ra7 Qe2+ 40.
Kh3 Qg4+ 41. Kg2 h5 42. Qb7 Kh7 43. Ra6 Re8 44. Rd6 Kh6 45. Qf7 Qg6 46. Qxg6+
Kxg6 47. Kh3 Kh6 48. Kg2 g5 49. h3 gxf4 50. gxf4 Kg7 51. h4 Kf7 52. Rd7+ Re7 53.
Rd6 Rc7 54. Kf3 Ke7 55. Kg3 Rc8 56. Kf3 Rg8 57. Kf2 Rg4 58. Kf3 Rxh4 59. Ra6 Rg4
60. Ra1 h4 61. Rh1 Kf7 62. Ke3 Kg6 63. Rh3 Kh5 64. Rf3 Rg3 65. Rxg3 hxg3 66. Kf3
Kh4 0-1

[Event "#19"]
[Site "http://www.queenalice.com/game.php?id=1572760"]
[Date "2019.5.29"]
[Round "-"]
[White "verdello"]
[Black "Il_Grande_Baluba"]
[Result "0-1"]
[WhiteElo "1540"]
[BlackElo "1600"]

1. e3 e5 2. Qf3 Nf6 3. Nc3 Nc6 4. Bc4 d6 5. Ne4 Be7 6. Nxf6+ Bxf6 7. Qh5 d5 8.
Bb3 Be6 9. Ne2 O-O 10. O-O g6 11. Qf3 e4 12. Qg3 Be5 13. f4 Bf6 14. c3 Bh4 15.
f5 Bxg3 16. Nxg3 Bc8 17. f6 Ne5 18. d4 Ng4 19. Bd2 c6 20. c4 Nxf6 21. cxd5 cxd5
22. Ba4 Bd7 23. Bxd7 Qxd7 24. Rxf6 Qb5 25. Bc3 Qd3 26. Nf1 a5 27. Rd6 a4 28.
Rxd5 b5 29. Bd2 Rac8 30. Bc3 a3 31. h3 axb2 32. Bxb2 Rc2 33. Bc1 Qd1 34. Rc5
Rxc5 35. dxc5 Rc8 36. Bb2 Qc2 37. Bd4 Ra8 38. Ng3 Rxa2 39. Rxa2 Qxa2 40. c6 Qc2
41. c7 f5 42. Be5 Kf7 43. Bf4 b4 44. Ne2 Ke7 45. Nd4 Qc5 46. Nb3 Qc2 47. Nd4
Qc1+ 48. Kh2 Kd7 49. Nb5 b3 50. Na7 b2 51. c8=Q+ Qxc8 52. Nxc8 Kxc8 53. h4 b1=Q
54. Bh6 Qc2 55. Bf4 Qe2 56. Kg3 Qg4+ 57. Kf2 Qxh4+ 58. g3 Qg4 59. Kg2 g5 60. Be5
Qf3+ 61. Kh3 Qxe3 0-1

[Event "Challenge"]
[Site "http://www.queenalice.com/game.php?id=1575227"]
[Date "2019.6.22"]
[Round "-"]
[White "verdello"]
[Black "Il_Grande_Baluba"]
[Result "0-1"]
[WhiteElo "1542"]
[BlackElo "1616"]

1. e3 e6 2. Qf3 d5 3. b3 c5 4. Bb2 Nf6 5. Bb5+ Bd7 6. Bxd7+ Nbxd7 7. c4 Be7 8.
Ne2 O-O 9. Qg3 g6 10. Nf4 Ne4 11. Qf3 Bf6 12. Nc3 Ne5 13. Qe2 Nxc3 14. Bxc3 Qd7
15. d4 cxd4 16. Bxd4 dxc4 17. bxc4 Qe7 18. O-O b6 19. Nd3 Nxc4 20. Nb2 Nxb2 21.
Qxb2 Bxd4 22. Qxd4 Rfd8 23. Qg4 Rac8 24. h4 h5 25. Qh3 Rc2 26. g4 Qf6 27. gxh5
gxh5 28. Qg3+ Kf8 29. f4 Re2 30. Qg5 Qxg5+ 31. fxg5 Rxe3 32. Kg2 Kg7 33. Rf6
Rd2+ 34. Kf1 Rh3 35. Ke1 Rdh2 36. Rf1 Rxh4 37. Kd1 Rg4 38. a3 Rxg5 39. Rc1 Rd5+
40. Ke1 Rdd2 41. Rc7 Rhe2# 0-1

[Event "#21"]
[Site "http://www.queenalice.com/game.php?id=1579125"]
[Date "2019.8.1"]
[Round "-"]
[White "Il_Grande_Baluba"]
[Black "verdello"]
[Result "1-0"]
[WhiteElo "1631"]
[BlackElo "1542"]

1. e4 d5 2. exd5 Qxd5 3. Nc3 Qe5+ 4. Be2 b6 5. Nf3 Qf6 6. d4 Bb7 7. Bg5 Qg6 8.
Nb5 Na6 9. c4 O-O-O 10. O-O Bxf3 11. Bxf3 Qxg5 12. Qa4 Nb8 13. Qxa7 Kd7 14.
Qxc7+ Ke8 15. Qxb6 g6 16. Bc6+ Nxc6 17. Qxc6+ Rd7 18. Qc8+ Rd8 19. Nc7# 1-0

[Event "#22"]
[Site "http://www.queenalice.com/game.php?id=1580742"]
[Date "2019.8.19"]
[Round "-"]
[White "verdello"]
[Black "Il_Grande_Baluba"]
[Result "0-1"]
[WhiteElo "1552"]
[BlackElo "1645"]

1. g3 Nf6 2. Bg2 e5 3. d4 e4 4. e3 d5 5. Ne2 Bg4 6. c3 Qd7 7. O-O Bh3 8. Nf4 Bg4
9. Qb3 b6 10. Na3 Be7 11. c4 c6 12. cxd5 cxd5 13. Bd2 O-O 14. Nb5 Nc6 15. Nc3
Be6 16. a4 Na5 17. Qc2 Rac8 18. Nxe6 Qxe6 19. b3 Nc6 20. Ne2 Nxd4 21. Qd1 Nf5
22. Nf4 Qd7 23. b4 Nd6 24. Bh3 Nf5 25. b5 g6 26. Qe2 h5 27. Rfd1 Rc2 28. Rdc1
Rfc8 29. Rxc2 Rxc2 30. Qd1 Rc8 31. Qe1 g5 32. Ne2 Ng4 33. Qd1 Kg7 34. f4 exf3
35. Nd4 Bc5 36. Nxf3 Nfxe3 37. Qe2 Nc2+ 38. Kg2 Nxa1 39. Bc3+ f6 40. Bxa1 Re8
41. Qd3 Ne3+ 42. Qxe3 Qxh3+ 43. Kxh3 Rxe3 44. Nxg5 Kg6 45. Kh4 fxg5+ 46. Kh3 g4+
47. Kg2 Re2+ 48. Kf1 Rxh2 49. Be5 d4 50. Bb8 d3 51. Ke1 Bb4+ 52. Kd1 Rh1# 0-1